[Event "Privatkamp mot Eidsvoll april 2011"]
[Site "Bøn, Eidsvoll, Akershus NOR"]
[Date "2011.04.12"]
[Round "1"]
[Board "8"]
[White "Bakkejord, Odd Vidar"]
[Black "Nissen, Ulrik"]
[Result "0-1"]
[WhiteElo "991"]
[BlackElo "1178"]
[Annotator "Lea,Per"]
[PlyCount "48"]
[EventDate "2011.04.12"]

1. c4 e5 2. Nc3 Nf6 3. g3 Bc5 4. e3 Nc6 5. a3 d5 6. cxd5 Nxd5 7. Nxd5 $2 {
Plutselig ligger svart flere mil foran i utviklinga. Mer naturlig virker} (7.
Bg2 Nxc3 8. bxc3 Qd3 9. Qe2) (7. b4 Bb6 8. Bb2) (7. Nge2 Bg4 8. Bg2 Nxc3 9.
bxc3 Qd3 10. Nf4 {men alle variantene fører til klar svart fordel - dog ikke
så klar som etter det miserable teksttrekket.}) 7... Qxd5 8. f3 Be6 9. Bg2
O-O-O 10. Ne2 $4 {Glemmer at dronninga står uten tilstrekkelig gardering på d1.
} Bxe3 11. Qc2 Bb6 12. Nc3 Nd4 13. Nxd5 $4 Nxc2+ 14. Ke2 Nxa1 {Strengt tatt
litt forhastet. Svart har tid til å legge inn et slag på d5 med matt-trussel.
Dermed får ikke hvit tid til å redde tårnet.} 15. Nxb6+ cxb6 16. b4 Nb3 17. d3
Nxc1+ $1 {
Ingen grunn til penspill - med reint tårn over er det bare å bytte ut.} 18.
Rxc1+ Kb8 19. Ke3 Rc8 20. Rxc8+ Rxc8 21. Ke4 f6 22. h4 Rc2 23. Bf1 Kc7 24. f4
Rf2 {Hvit oppgir den håpløse kampen.} 0-1

[Event "NM for klubblag 2010"]
[Site "Drammen, Buskerud NOR"]
[Date "2010.10.08"]
[Round "1"]
[White "Lange, David"]
[Black "Thanke, Bror"]
[Result "1/2-1/2"]
[WhiteElo "1849"]
[BlackElo "2088"]
[PlyCount "50"]
[WhiteTeam "Follo Sjakkforening"]
[BlackTeam "Nordstrand 1"]

1. d4 Nf6 2. c4 e6 3. Nf3 Bb4+ 4. Bd2 Qe7 5. a3 Bxd2+ 6. Nbxd2 d6 7. e3 e5 8.
dxe5 dxe5 9. Be2 O-O 10. O-O c5 11. Nb1 Bf5 12. Qb3 Bxb1 13. Raxb1 Nc6 14. Rbd1
Rfd8 15. Rxd8+ Rxd8 16. Rd1 b6 17. Rxd8+ Qxd8 18. Qd1 Qe7 19. Qc2 h6 20. h3 e4
21. Nd2 Qe5 22. g3 Ne7 23. Bf1 Nf5 24. Bg2 Nd6 25. Kh2 Qf5 1/2-1/2

[Event "NM for klubblag 2010"]
[Site "Drammen, Buskerud NOR"]
[Date "2010.10.08"]
[Round "1"]
[White "Solem, Trond"]
[Black "Lange, Holger"]
[Result "0-1"]
[WhiteElo "2121"]
[BlackElo "1660"]
[PlyCount "96"]
[WhiteTeam "Nordstrand 1"]
[BlackTeam "Follo Sjakkforening"]

1. Nf3 d5 2. g3 c5 3. Bg2 Nc6 4. d4 e6 5. O-O Nf6 6. c4 Be7 7. dxc5 Bxc5 8.
cxd5 Nxd5 9. a3 O-O 10. Qc2 Be7 11. Rd1 Qc7 12. e4 Nf6 13. Nc3 Rd8 14. Bf4 e5
15. Be3 Be6 16. Nb5 Qb8 17. Rxd8+ Bxd8 18. Rd1 a6 19. Nd6 Bc7 20. Nf5 Qe8 21.
Bg5 Rc8 22. Bxf6 Bxf5 23. Bxg7 Bg4 24. Qc1 Qe6 25. Bh6 Bd8 26. Qe3 Bxf3 27.
Bxf3 Nd4 28. Bg2 Qg6 29. Bh3 Rc6 30. Bf4 Qh5 31. g4 exf4 32. Qxd4 Qxh3 33.
Qxd8+ Kg7 34. Qg5+ Rg6 35. Qe5+ Rf6 36. Rd6 Qxg4+ 37. Kf1 Qg6 38. Qd4 f3 39.
Ke1 Qg1+ 40. Kd2 Qg5+ 41. Kc2 Qf4 42. Qxf6+ Qxf6 43. Rxf6 Kxf6 44. Kd3 Kg5 45.
Ke3 Kg4 46. h3+ Kxh3 47. Kxf3 h5 48. e5 h4 0-1

[Event "NM for klubblag 2010"]
[Site "Drammen, Buskerud NOR"]
[Date "2010.10.08"]
[Round "1"]
[White "Moberg, Jan Rune|"]
[Black "Sørgjerd, Jan"]
[Result "0-1"]
[WhiteElo "1569"]
[BlackElo "1983"]
[PlyCount "66"]
[EventDate "2010.10.08"]
[WhiteTeam "Follo"]
[BlackTeam "Nordstrand"]

1. d4 d5 2. c4 c6 3. Nf3 Nf6 4. Nc3 e6 5. g3 Nbd7 6. Bg2 Be7 7. O-O O-O 8. Re1
b6 9. a4 Bb4 10. Qb3 a5 11. Bd2 Ba6 12. cxd5 exd5 13. Qc2 Re8 14. e4 Bxc3 15.
Bxc3 Nxe4 16. Re3 Ndf6 17. h3 Qd6 18. Rae1 Re6 19. Ne5 Rae8 20. b3 Nxc3 21.
Qxc3 Bb7 22. f4 c5 23. Nc4 dxc4 24. Bxb7 Rxe3 25. Rxe3 Rxe3 26. Qxe3 cxd4 27.
Qf3 c3 28. Qd3 Nd7 29. Bf3 Nc5 30. Qc4 g6 31. Bd5 c2 32. Bf3 d3 33. Qc3 Nxb3
0-1

[Event "NM for klubblag 2010"]
[Site "Drammen, Buskerud NOR"]
[Date "2010.10.08"]
[Round "1"]
[White "Gyldenås, Ole Jørn"]
[Black "Furnes, Torstein"]
[Result "1-0"]
[WhiteElo "1917"]
[BlackElo "1551"]
[Annotator "Torstein Furnes"]
[PlyCount "67"]
[EventDate "2010.10.08"]

1. d4 d5 2. Nf3 Nf6 3. g3 Bg4 4. Bg2 e6 5. O-O Be7 6. c4 c6 7. Ne5 Bf5 8. Nc3
O-O 9. f3 Nbd7 10. e4 dxe4 11. fxe4 Nxe5 12. exf5 (12. dxe5 $6 {
ville vært tvilsomt pga} Qb6+ 13. Kh1 Bg4 14. Qd2 Ne8) 12... Nxc4 13. fxe6 fxe6
14. Bh3 {Hvit vinner tilbake bonden. Det har ikke noen hensikt å prøve å
forsvare den, fordi hvit isåfall følger opp med Te1 i neste trekk. Og e5??
blir selvsagt møtt med Le6+} Nd5 $2 {
Dårlig ifølge Fritz. Bedre alternativer var} (14... Nb6) (14... Kh8) 15. Bxe6+
Kh8 16. Nxd5 cxd5 17. Rxf8+ Bxf8 18. Qf3 Nb6 19. Qf7 Be7 20. Bf4 Bf6 21. Rd1 {
Fritz foretrekker} (21. Be5 Bxe5 22. dxe5 $16) 21... Qe8 22. Bxd5 Qe2 $2 {
Svarts beste sjanse er} (22... Nxd5 23. Qxd5 Rd8 24. Qf3 Rxd4 {
med lik stilling.}) 23. Rd2 Qe1+ 24. Kg2 Re8 $2 {Svart måtte forsøkt} (24...
Nxd5 25. Qxd5 Re8 $16) 25. Bf3 $18 Nc8 (25... Qe7) 26. Kh3 b6 27. Be5 $1 Rg8
28. Re2 Qf1+ 29. Kg4 Bxe5 30. dxe5 Qc1 31. e6 Nd6 32. Qf4 Qc8 $4 {
Begge har kraftig tidsnød her.} 33. Kh3 (33. Qxd6) 33... Qe8 $4 34. Qxd6 1-0

[Event "NM for klubblag 2010"]
[Site "Drammen, Buskerud NOR"]
[Date "2010.10.09"]
[Round "3"]
[White "Ingul, Tormul"]
[Black "Lange, David"]
[Result "1-0"]
[WhiteElo "1749"]
[BlackElo "1849"]
[PlyCount "97"]
[WhiteTeam "SMPOAÅ"]
[BlackTeam "Follo Sjakkforening"]

1. e4 c5 2. d4 cxd4 3. Bc4 e6 4. c3 dxc3 5. Nxc3 Nc6 6. Nf3 d6 7. O-O Nf6 8.
Qe2 a6 9. Rd1 Qc7 10. Bf4 Be7 11. e5 dxe5 12. Nxe5 Nxe5 13. Bxe5 Qa5 14. a3 b5
15. Nxb5 axb5 16. Bxb5+ Bd7 17. Bxd7+ Nxd7 18. Bxg7 Rg8 19. Qd3 Rd8 20. Qxh7
Rxg7 21. Qxg7 Bf6 22. Qg8+ Ke7 23. Qg4 Bxb2 24. Ra2 Qc3 25. Qb4+ Nc5 26. Rf1
Qxb4 27. axb4 Nd3 28. Rd1 Rd5 29. g3 Be5 30. b5 Nb4 31. Ra7+ Kf6 32. Rxd5 exd5
33. Ra4 Bd6 34. Kf1 Ke5 35. Ke2 Kd4 36. Ra7 f6 37. Rf7 Ke5 38. b6 Ke6 39. Rh7
Nc6 40. h4 Be5 41. f4 Bb8 42. Kd3 Kf5 43. Rh8 Bd6 44. Rc8 Ne7 45. b7 Kg4 46.
Rd8 Bc7 47. Rd7 Bb8 48. Rxe7 Kxg3 49. h5 1-0

[Event "NM for klubblag 2010"]
[Site "Drammen, Buskerud NOR"]
[Date "2010.10.09"]
[Round "3"]
[White "Lange, Holger"]
[Black "Tørum, Arild"]
[Result "0-1"]
[WhiteElo "1660"]
[BlackElo "1571"]
[PlyCount "62"]
[WhiteTeam "Follo Sjakkforening"]
[BlackTeam "SMPOAÅ"]

1. e4 d5 2. exd5 Nf6 3. c4 e6 4. dxe6 Bxe6 5. Be2 Bc5 6. Nf3 Nc6 7. O-O Nd4 8.
Nxd4 Qxd4 9. Nc3 O-O-O 10. d3 Qh4 11. Be3 Bd6 12. g3 Qh3 13. f4 h5 14. Bf3 h4
15. Bg2 Qf5 16. Qf3 c6 17. Bxa7 hxg3 18. hxg3 Ng4 19. Rfd1 Bc5+ 20. d4 Bxa7 21.
c5 Bxc5 22. Qe4 Qxe4 23. Bxe4 Bxd4+ 24. Rxd4 Rxd4 25. f5 Bd5 26. Bxd5 cxd5 27.
Rc1 Rc4 28. Rd1 Ne3 29. Rd3 d4 30. Nb5 Rc1+ 31. Kf2 Rf1+ 0-1

[Event "NM for klubblag 2010"]
[Site "Drammen, Buskerud NOR"]
[Date "2010.10.09"]
[Round "3"]
[White "Dybvik, Edvin"]
[Black "Høva, Frode"]
[Result "1-0"]
[WhiteElo "1532"]
[BlackElo "1598"]
[PlyCount "45"]

1. e4 c5 2. b4 cxb4 3. d4 Nf6 4. Bc4 Nxe4 5. Bxf7+ Kxf7 6. Qh5+ g6 7. Qd5+ e6
8. Qxe4 Qf6 9. Nf3 Nc6 10. Bg5 Qf5 11. Qe3 Bg7 12. Nbd2 b5 13. Ne4 Kg8 14. Rd1
h6 15. Nd6 Qxc2 16. O-O Qxa2 17. Qf4 e5 18. dxe5 Kh7 19. Qh4 Kg8 20. Bf6 Qe6
21. Rfe1 a5 22. Nxb5 b3 23. Nc7 1-0

[Event "NM for klubblag 2010"]
[Site "Drammen, Buskerud NOR"]
[Date "2010.10.09"]
[Round "3"]
[White "Lea, Per"]
[Black "Gunnulfsen, Morten"]
[Result "1/2-1/2"]
[WhiteElo "1569"]
[BlackElo "1336"]
[PlyCount "86"]
[EventDate "2010.10.08"]
[WhiteTeam "Follo"]
[BlackTeam "SMPOAÅ"]

1. e4 e5 2. Nf3 Nf6 3. Nxe5 d6 4. Nf3 Nxe4 5. d4 d5 6. Bd3 f5 7. O-O Bd6 8. Ne5
O-O 9. f3 Nf6 10. f4 Ne4 11. c4 c6 12. Qb3 Bc7 13. Nc3 Nxc3 14. bxc3 a6 15. a4
a5 16. Bb2 Na6 17. cxd5 cxd5 18. c4 Bxe5 19. dxe5 (19. fxe5 $18) 19... Nc5 20.
Qc2 Nxd3 21. Qxd3 dxc4 22. Qxc4+ Kh8 23. Rfd1 Qb6+ 24. Bd4 Qe6 25. Rac1 Qxc4
26. Rxc4 Be6 27. Rc7 Rf7 28. Rdc1 h6 29. Rxf7 Bxf7 30. Rc7 Bd5 31. e6 Rg8 32.
e7 Bc6 33. Bc3 Re8 34. Bxa5 Kg8 35. Bc3 Kf7 36. a5 Rxe7 37. Rxe7+ Kxe7 38. Bxg7
h5 39. Kf2 Kf7 40. Be5 Be4 41. g3 Kg6 42. Ke3 Kh6 43. h3 Bg2 1/2-1/2

[Event "NM for klubblag 2010"]
[Site "Drammen, Buskerud NOR"]
[Date "2010.10.09"]
[Round "4"]
[White "Bue, Gunnar"]
[Black "Lange, David"]
[Result "1/2-1/2"]
[WhiteElo "1644"]
[BlackElo "1849"]
[PlyCount "98"]
[WhiteTeam "Tønsberg"]
[BlackTeam "Follo Sjakkforening"]

1. d4 d5 2. c4 c6 3. e3 Nf6 4. Nf3 g6 5. Bd3 Bg7 6. O-O O-O 7. Nc3 b6 8. b3 Bb7
9. Bb2 Nbd7 10. cxd5 cxd5 11. Rc1 Rc8 12. Qe2 Ne4 13. Ba6 Nxc3 14. Bxc3 Rc7 15.
Bxb7 Rxb7 16. Bb2 Qb8 17. Ba3 Re8 18. Rc6 Bf8 19. Rfc1 e6 20. Bxf8 Kxf8 21. Qc2
Kg7 22. Rc7 a6 23. Rxb7 Qxb7 24. Qc7 Rb8 25. Qd6 Rc8 26. Rxc8 Qxc8 27. g3 h6
28. Kg2 Qb7 29. Ne5 Nxe5 30. Qxe5+ Kh7 31. Qd6 a5 32. g4 b5 33. h4 a4 34. Qb4
axb3 35. axb3 Qd7 36. f3 Kg7 37. Qc5 f6 38. b4 e5 39. dxe5 fxe5 40. e4 h5 41.
Qxd5 Qxd5 42. exd5 Kf6 43. Kg3 Ke7 44. f4 Kd6 45. gxh5 gxh5 46. fxe5+ Kxe5 47.
d6 Kxd6 48. Kf4 Kd5 49. Kg5 Kc4 1/2-1/2

[Event "NM for klubblag 2010"]
[Site "Drammen, Buskerud NOR"]
[Date "2010.10.09"]
[Round "4"]
[White "Lange, Holger"]
[Black "Syvertsen, Rolf E."]
[Result "1/2-1/2"]
[WhiteElo "1660"]
[BlackElo "1584"]
[PlyCount "36"]
[WhiteTeam "Follo Sjakkforening"]
[BlackTeam "Tønsberg"]

1. e4 e6 2. d4 d5 3. Nd2 Nf6 4. e5 Nfd7 5. f4 Be7 6. Bd3 c5 7. c3 Nc6 8. Ndf3
cxd4 9. cxd4 O-O 10. Ne2 f5 11. O-O Nb6 12. b3 Bd7 13. Bb2 Kh8 14. Qd2 Nb4 15.
Bb1 Bb5 16. a3 Bxe2 17. Qxe2 Nc6 18. Bc2 Rc8 1/2-1/2

[Event "NM for klubblag 2010"]
[Site "Drammen, Buskerud NOR"]
[Date "2010.10.09"]
[Round "4"]
[White "Johansen, Kjell H"]
[Black "Høva, Frode"]
[Result "1-0"]
[WhiteElo "1512"]
[BlackElo "1552"]
[PlyCount "63"]
[EventDate "2010.10.08"]
[WhiteTeam "Tønsberg"]
[BlackTeam "Follo"]

1. e4 c5 2. Nf3 d6 3. c3 Nf6 4. e5 dxe5 5.
Nxe5 Nfd7 6. Bb5 e6 7. Qf3 Qf6 8. d4 Qxf3 9. Nxf3 cxd4 10. Nxd4 Be7 11. O-O O-O
12. Re1 a6 13. Bd3 Nf6 14. Bg5 Nbd7 15. Nd2 Rd8 16. Bc2 Nf8 17. N2f3 Ng6 18. h4
Nd5 19. Bxe7 Ngxe7 20. Ng5 Nf6 21. Rad1 b5 22. Ndf3 Bb7 23. Ne5 Rxd1 24. Rxd1
Ned5 25. Ngxf7 Nf4 26. f3 N6d5 27. Bb3 Rf8 28. Ng5 h6 29. Nxe6 Nxe6 30. Bxd5
Bxd5 31. Rxd5 Rf5 32. g4 1-0

[Event "NM for klubblag 2010"]
[Site "Drammen, Buskerud NOR"]
[Date "2010.10.09"]
[Round "4"]
[White "Lea, Per"]
[Black "Beck, Anders Knudsen"]
[Result "1/2-1/2"]
[WhiteElo "1569"]
[BlackElo "1406"]
[PlyCount "40"]
[EventDate "2010.10.08"]
[WhiteTeam "Follo"]
[BlackTeam "Tønsberg"]

1. e4 e5 2. Nf3 Nc6 3. Bb5 d6 4. d4 exd4 5. Nxd4 Bd7 6. Nxc6 bxc6 7. Bc4 Nf6 8.
Nc3 Be7 9. O-O Bg4 10. Qd3 Be6 11. Rd1 O-O 12. Bg5 Nd7 13. Bf4 Nb6 14. Bb3 Bg5
15. Qg3 Bxf4 16. Qxf4 c5 17. Bd5 Bxd5 18. Nxd5 Nc4 19. b3 Ne5 20. c4 Nc6
1/2-1/2

[Event "NM for klubblag 2010"]
[Site "Drammen, Buskerud NOR"]
[Date "2010.10.10"]
[Round "5"]
[White "Lange, David"]
[Black "Danielsen, Magnus"]
[Result "0-1"]
[WhiteElo "1849"]
[BlackElo "1948"]
[PlyCount "44"]
[WhiteTeam "Follo Sjakkforening"]
[BlackTeam "Vålerenga"]

1. d4 Nf6 2. c4 e6 3. Nc3 Bb4 4. Nf3 b6 5. e3 Bb7 6. Bd2 Bxc3 7. Bxc3 Ne4 8.
Rc1 O-O 9. d5 d6 10. Bd3 Nxc3 11. Rxc3 e5 12. Nxe5 dxe5 13. Bxh7+ Kxh7 14. Qh5+
Kg8 15. e4 f6 16. Rh3 Qe8 17. Qh7+ Kf7 18. Rg3 Rg8 19. h4 Nd7 20. h5 Nf8 21.
Qf5 Bc8 22. Qf3 Qa4 0-1

[Event "NM for klubblag 2010"]
[Site "Drammen, Buskerud NOR"]
[Date "2010.10.10"]
[Round "5"]
[White "Mundal, Arnold"]
[Black "Hovland, Arne"]
[Result "0-1"]
[WhiteElo "1794"]
[BlackElo "1574"]
[PlyCount "56"]
[EventDate "2010.10.08"]
[WhiteTeam "Vålerenga"]
[BlackTeam "Follo"]

1. d4 f5 2. g3 Nf6 3. Bg2 g6 4. c4 d6 5. Nf3 Bg7 6. Qb3 O-O 7.
Ng5 c6 8. d5 cxd5 9. cxd5 Na6 10. Be3 Ng4 11. Bd2 Nc5 12. Qa3 Ne5 13. Bc3 a5
14. b3 b5 15. Qb2 Ned3+ 16. exd3 Nxd3+ 17. Kd2 Nxb2 18. Bxg7 Kxg7 19. Re1 a4
20. Re3 axb3 21. Rxb3 Nc4+ 22. Ke2 h6 23. Ne6+ Bxe6 24. dxe6 Rb8 25. Nc3 Qa5
26. Rd1 b4 27. Rdb1 bxc3 28. Rxb8 Rxb8 0-1

[Event "NM for klubblag 2010"]
[Site "Drammen, Buskerud NOR"]
[Date "2010.10.10"]
[Round "6"]
[White "Hansen, Erle Andrea M."]
[Black "Lange, David"]
[Result "0-1"]
[WhiteElo "1659"]
[BlackElo "1849"]
[PlyCount "106"]
[WhiteTeam "Kristiansand"]
[BlackTeam "Follo Sjakkforening"]

1. d4 d5 2. Nf3 Nf6 3. g3 e6 4. Bg2 Be7 5. c4 c6 6. O-O O-O 7. b3 b6 8. Bb2 Bb7
9. Qc2 Nbd7 10. Nc3 c5 11. e3 Rc8 12. Nd2 Qc7 13. Ne2 dxc4 14. bxc4 Bxg2 15.
Kxg2 Rfd8 16. Rac1 Qb7+ 17. Kg1 b5 18. Qb3 a6 19. Nc3 b4 20. a3 a5 21. Nb5 Nb6
22. a4 Ne4 23. Rfd1 Nxd2 24. Rxd2 Bf6 25. Rdd1 Qf3 26. Qa2 cxd4 27. Nxd4 Bxd4
28. Rxd4 Rxd4 29. Bxd4 Qc6 30. Bxb6 Qxb6 31. Qb3 Qc5 32. Qd3 h6 33. Qe4 Qc6 34.
Qc2 Rd8 35. Qa2 Rd3 36. Qc2 Rc3 37. Qd2 Rxc1+ 38. Qxc1 Qxa4 39. c5 Qc6 40. Qc4
g6 41. Qd4 b3 42. Qd8+ Kg7 43. Qxa5 Qd5 44. Qc3+ Kg8 45. c6 Qd1+ 46. Kg2 Qc2
47. Qb4 Qxc6+ 48. Kh3 Qc2 49. Qb8+ Kh7 50. Qa7 Qxf2 51. Qb7 Qf1+ 52. Kh4 g5+
53. Kg4 Qf5+ 0-1

[Event "NM for klubblag 2010"]
[Site "Drammen, Buskerud NOR"]
[Date "2010.10.10"]
[Round "6"]
[White "Hovland, Arne"]
[Black "Arntsen, Frode"]
[Result "1/2-1/2"]
[WhiteElo "1574"]
[BlackElo "1552"]
[PlyCount "84"]
[EventDate "2010.10.08"]
[WhiteTeam "Follo"]
[BlackTeam "Kristiansand"]

1. d4 Nf6 2. c4 g6 3. Nc3 Bg7 4. e4 d6 5. Be2
O-O 6. Nf3 Nbd7 7. O-O e5 8. Re1 Re8 9. Bf1 c6 10. b4 a6 11. a4 exd4 12. Nxd4
c5 13. bxc5 dxc5 14. Nc2 Ne5 15. Qxd8 Rxd8 16. Bg5 Be6 17. Nd5 Bxd5 18. cxd5 h6
19. Bxf6 Bxf6 20. f4 Nd7 21. e5 Bg7 22. a5 Nxe5 23. fxe5 Rxd5 24. Rab1 Rxe5 25.
Rxe5 Bxe5 26. Rxb7 f5 27. Bc4+ Kf8 28. Rb6 Kg7 29. h4 Bc3 30. Rxa6 Rxa6 31.
Bxa6 Bxa5 32. Kf2 Bd8 33. g3 f4 34. Kf3 fxg3 35. Kxg3 Bxh4+ 36. Kxh4 Kf6 37.
Ne3 Ke5 38. Ng4+ Kd4 39. Nxh6 c4 40. Ng4 c3 41. Nf2 c2 42. Nd3 Kc3 1/2-1/2

[Event "NM for klubblag 2010"]
[Site "Drammen, Buskerud NOR"]
[Date "2010.10.10"]
[Round "6"]
[White "Aabid, Ryaad"]
[Black "Lea, Per"]
[Result "0-1"]
[WhiteElo "1487"]
[BlackElo "1569"]
[PlyCount "86"]
[EventDate "2010.10.08"]
[WhiteTeam "Kristiansand"]
[BlackTeam "Follo"]

1. e4 e5 2. f4 d5 3. exd5 e4 4. Nc3 Nf6 5. Bb5+ Bd7 6. Bxd7+ Qxd7 7. d3 Bb4 8.
Nge2 exd3 9. Qxd3 Qxd5 10. Qxd5 Nxd5 11. Bd2 Nxc3 12. Bxc3 Nc6 13. O-O-O O-O
14. Bxb4 Nxb4 15. a3 Na6 16. Rd7 f6 17. Rhd1 Rf7 18. Ng3 Nc5 19. Rxf7 Kxf7 20.
b4 Ne6 21. f5 Nf8 22. Ne4 b6 23. Nc3 Re8 24. Kb2 Re5 25. Rd5 Rxd5 26. Nxd5 c6
27. Ne3 Nd7 28. c4 c5 29. b5 Ke7 30. Kc3 Kd6 31. Kd3 Ke5 32. g3 g6 33. fxg6
hxg6 34. Nd5 Ke6 35. Ke4 Ne5 36. Nf4+ Kd6 37. Nxg6 $2 (37. Ne2 Nxc4 38. a4 $17)
37... Nxg6 38. Kf5 Ne5 39. h4 Ke7 40. h5 Kf7 41. h6 Nxc4 42. a4 Nd6+ 43. Kf4
Kg6 0-1

[Event "NM for klubblag 2010"]
[Site "Drammen, Buskerud NOR"]
[Date "2010.10.10"]
[Round "6"]
[White "Furnes, Torstein"]
[Black "Bratsberg, Lars Ivar"]
[Result "1-0"]
[WhiteElo "1551"]
[BlackElo "1152"]
[PlyCount "60"]
[EventDate "2010.10.08"]

1. d4 d5 2. c4 e5 {Albins motgambit.} 3. dxe5 d4 4. Nf3 Nc6 5. g3 Be6 6. b3 $6
{Hovedvarianten i teorien er} (6. Nbd2 Qd7 7. Bg2) 6... Qd7 7. Bg2 g6 (7...
O-O-O) (7... Bh3) 8. O-O Bg7 9. Bf4 Nge7 10. Na3 O-O 11. Nc2 Rad8 12. Qd2 h6 $2
{Dette bondeofferet fungerer ikke helt.} 13. Bxh6 Nxe5 $6 (13... Bg4 14. Bxg7
Kxg7) 14. Nxe5 Bxe5 15. Bxf8 d3 16. Bxe7 Qxe7 (16... dxc2 17. Qg5 Bxa1 18. Bxd8
Bb2 19. Bf6 Bxf6 (19... c1=Q 20. Rxc1 Bxf6 (20... Bxc1 $4 21. Qh4) 21. Qxf6)
20. Qxf6 Qd2 21. Qb2) 17. Rad1 Kg7 18. exd3 Rh8 19. Bxb7 Qd7 20. Bg2 Bh3 21.
Bxh3 Qxh3 22. f4 Bc3 $2 {Overser at hvit kan slå løperen med sjakk.} 23. Qxc3+
f6 24. Rf2 Qg4 25. Re1 Kf7 26. d4 Rh3 27. Qe3 Qd7 28. Rfe2 f5 29. Qe7+ Qxe7 30.
Rxe7+ Kf8 1-0

[Event "NM for klubblag 2008"]
[Site "Korsvoll,Oslo"]
[Date "2008.05.01"]
[Round "1.3"]
[White "Lea, Per"]
[Black "Aandal, Kristian"]
[Result "1/2-1/2"]
[WhiteElo "1575"]
[BlackElo "1910"]
[PlyCount "87"]
[EventDate "2008.??.??"]
[WhiteTeam "Follo 1"]
[BlackTeam "Porsgrunn 1"]

1. e4 c5 2. Nf3 Nc6 3. d4 cxd4 4. Nxd4 Nf6 5. Nc3 e5 6. Ndb5 d6 7. Bg5 a6 8.
Na3 b5 9. Nd5 Be7 10. Bxf6 Bxf6 11. c3 Ne7 12. Nxf6+ gxf6 13. Bd3 Bb7 14. f3
Rg8 15. Qe2 f5 16. Nc2 Ng6 17. g3 f4 18. g4 h5 19. h3 Qd7 20. O-O-O h4 21. Kb1
Rc8 22. c4 bxc4 23. Bxc4 Ke7 24. Bd5 Rc5 25. Nb4 a5 26. Bxb7 axb4 27. Bd5 Rgc8
28. Rc1 Qc7 29. Qd2 Qb6 30. Rxc5 Rxc5 31. Rc1 Nf8 32. Qe1 f6 33. Bb3 Ne6 34.
Bxe6 Kxe6 35. Rd1 b3 36. a3 Rc2 37. Qxh4 Qe3 38. Qh8 Rxb2+ 39. Kxb2 Qe2+ 40.
Kxb3 Qxd1+ 41. Kb4 Qd4+ 42. Kb3 Qd3+ 43. Kb4 Qd4+ 44. Kb3 1/2-1/2

[Event "NM for klubblag 2008"]
[Site "Oslo NOR"]
[Date "2008.05.02"]
[Round "2"]
[White "Engen, Roar"]
[Black "Lange, David"]
[Result "1-0"]
[WhiteElo "1685"]
[BlackElo "1651"]
[PlyCount "109"]
[EventDate "2008.05.01"]
[WhiteTeam "Aurskog-Høland"]
[BlackTeam "Follo"]

1. Nf3 d5 2. c4 Nf6 3. g3 b6 4. Bg2 Bb7 5. O-O g6 6. b3 Bg7 7. Bb2 O-O 8. cxd5
Bxd5 9. Nc3 Bb7 10. d4 Nbd7 11. Rc1 c5 12. e3 Rc8 13. Qe2 cxd4 14. exd4 e6 15.
Nb5 Ba6 16. a4 Qe7 17. Nd2 Bxb5 18. axb5 Rfd8 19. Ra1 Nf8 20. Nc4 Qb4 21. Bc6
Rc7 22. Ba3 Qxb3 23. Bd6 Rcc8 24. Ra3 Qxa3 25. Bxa3 Rxd4 26. Bb2 Rdd8 27. Ra1
N8d7 28. Rxa7 Nb8 29. Nxb6 Nxc6 30. Nxc8 Nxa7 31. Nxa7 Rb8 32. Nc6 Rb7 33. Qf3
Nd5 34. Bxg7 Kxg7 35. Qd3 h5 36. Ne5 Kf6 37. f4 g5 38. Nf3 gxf4 39. gxf4 Nxf4
40. Qd4+ Kf5 41. Qe5+ Kg4 42. Nd4 Ra7 43. Qg7+ Ng6 44. Nxe6 Re7 45. Qd4+ Kf5
46. Ng7+ Kg5 47. h4+ Nxh4 48. Qxh4+ Kxh4 49. Nf5+ Kg5 50. Nxe7 Kf6 51. b6 Kxe7
52. b7 Kf6 53. b8=Q Kg5 54. Qg8+ Kf6 55. Kg2 1-0

[Event "NM for klubblag 2008"]
[Site "Oslo NOR"]
[Date "2008.05.02"]
[Round "2"]
[White "Johansen, Anders Sten"]
[Black "Roen, Arild"]
[Result "0-1"]
[WhiteElo "1621"]
[BlackElo "1458"]
[PlyCount "62"]
[EventDate "2008.05.01"]
[WhiteTeam "Follo"]
[BlackTeam "Aurskog-Høland"]

1. e4 e5 2. Nf3 Nc6 3. d4 exd4 4. Bc4 h6 5. Nxd4 Ne5 6. Bb3 Nf6 7. O-O Bc5 8.
Nc3 O-O 9. f4 Nc6 10. Be3 d6 11. Kh1 Ng4 12. Nxc6 Qh4 13. Ne7+ Kh7 14. h3 Bxe3
15. f5 Nf2+ 16. Rxf2 Bxf2 17. Ned5 Bb6 18. Nxb6 axb6 19. Nd5 Qxe4 20. Nxc7 Rb8
21. Qxd6 Bxf5 22. Qg3 Rbd8 23. Re1 Qc6 24. c3 Rd6 25. Nb5 Rg6 26. Qf2 Qxb5 27.
Rf1 Rf6 28. Rd1 Bxh3 29. Qd4 Rf1+ 30. Rxf1 Qxf1+ 31. Kh2 Qxg2# 0-1

[Event "NM for klubblag 2008"]
[Site "Oslo NOR"]
[Date "2008.05.02"]
[Round "2"]
[White "Brodshaug, Martin Enerud"]
[Black "Lea, Per"]
[Result "0-1"]
[WhiteElo "877"]
[BlackElo "1575"]
[PlyCount "104"]
[EventDate "2008.05.01"]
[WhiteTeam "Aurskog-Høland"]
[BlackTeam "Follo"]

1. e4 e5 2. Nf3 Nc6 3. d4 exd4 4. Nxd4 Bc5 5. Be3 Qf6 6. c3 Nge7 7. Be2 d5 8.
f3 dxe4 9. fxe4 Qh4+ 10. Bf2 Qxe4 11. O-O Nxd4 12. Bxd4 Bxd4+ 13. cxd4 O-O 14.
Nc3 Qh4 15. Qd2 Ng6 16. Bc4 Be6 17. Bxe6 fxe6 18. Qe3 Rxf1+ 19. Rxf1 Qe7 20.
Ne4 Rf8 21. Rc1 c6 22. Nc5 Re8 23. Rc3 e5 24. dxe5 Nxe5 25. Qe4 Ng6 26. Qxe7
Rxe7 27. Rd3 b6 28. Nb3 Nf4 29. Rd6 c5 30. g3 Ng6 31. Nd2 Ne5 32. Kg2 Kf7 33.
Ne4 h6 34. Nd2 Rd7 35. Rxd7+ Nxd7 36. Kf3 Ke6 37. Ke4 Nf6+ 38. Kd3 Kd5 39. b3
Ng4 40. h4 Ne5+ 41. Ke3 c4 42. bxc4+ Nxc4+ 43. Nxc4 Kxc4 44. Kd2 Kd4 45. Kd1
Ke3 46. Ke1 Kf3 47. Kf1 Kxg3 48. h5 Kg4 49. Kg2 Kxh5 50. Kh3 b5 51. a3 a5 52.
Kg3 b4 0-1

[Event "NM for klubblag 2008"]
[Site "Oslo NOR"]
[Date "2008.05.02"]
[Round "2"]
[White "Høva, Frode"]
[Black "Roen, Vegard Andre"]
[Result "1-0"]
[WhiteElo "1558"]
[BlackElo "754"]
[PlyCount "69"]
[EventDate "2008.05.01"]
[WhiteTeam "Follo"]
[BlackTeam "Aurskog-Høland"]

1. d4 d5 2. c4 Nf6 3. cxd5 Qxd5 4. Nc3 Qd8 5. Nf3 Nc6 6. d5 Nb4 7. Qa4+ Qd7 8.
Qxb4 Nxd5 9. Nxd5 e6 10. Nxc7+ Qxc7 11. Qb3 Be7 12. g3 O-O 13. Bg2 b6 14. O-O
Bb7 15. Bf4 Bd6 16. Bxd6 Qxd6 17. Rfd1 Qe7 18. Rac1 Rfd8 19. Rxd8+ Rxd8 20. Rd1
g6 21. Rxd8+ Qxd8 22. h3 Qc7 23. Qc3 Qd6 24. Nd2 Bxg2 25. Kxg2 Qd5+ 26. Kh2
Qxa2 27. Ne4 Qa4 28. Nf6+ Kf8 29. Nxh7+ Kg8 30. Nf6+ Kf8 31. Ng4 Qa6 32. Qf6
Qxe2 33. Ne5 Ke8 34. Qxf7+ Kd8 35. Qd7# 1-0

[Event "NM for klubblag 2008"]
[Site "Oslo NOR"]
[Date "2008.05.02"]
[Round "3"]
[White "Lange, David"]
[Black "Botheim, Tor"]
[Result "1/2-1/2"]
[WhiteElo "1651"]
[BlackElo "1742"]
[PlyCount "82"]
[EventDate "2008.05.01"]
[WhiteTeam "Follo"]
[BlackTeam "1911 4"]

1. c4 Nf6 2. d4 g6 3. Nc3 Bg7 4. e4 d6 5. f4 c5 6. Nf3 cxd4 7. Nxd4 O-O 8. Be2
Nc6 9. Be3 Nd7 10. Qd2 Nc5 11. Nxc6 bxc6 12. Bxc5 dxc5 13. O-O-O Qxd2+ 14. Kxd2
e5 15. fxe5 Bxe5 16. Kc2 Be6 17. b3 Rad8 18. h3 h5 19. Rxd8 Rxd8 20. Rd1 Rxd1
21. Bxd1 Kg7 22. Na4 Bd4 23. Kd3 a5 24. Nc3 Kh6 25. Bf3 Kg5 26. Ne2 Be5 27. Ke3
a4 28. Kd3 axb3 29. axb3 h4 30. Ke3 Bd7 31. Kd3 Kf6 32. Ke3 Ke7 33. Nc1 Bd4+
34. Kd3 Kd6 35. Ne2 Be5 36. Ke3 Kc7 37. Kd3 Kb6 38. Kc2 Ka5 39. Nc1 Bd4 40. Nd3
f6 41. Kd2 Kb6 1/2-1/2